Top Defenses in College Football 2024 - Statistics

General Stats
  • This quiz has been taken 35 times
  • The average score is 13 of 25
Answer Stats
Team Yards Allowed per Game % Correct
Ohio 304.6
94%
Ohio State 254.6
90%
Alabama 320.1
84%
Notre Dame 307.4
77%
Texas 283.7
77%
Michigan 307.0
74%
Oregon 316.1
71%
Penn State 294.8
71%
Tennessee 293.0
65%
Iowa 318.4
58%
Ole Miss 311.2
58%
Nebraska 317.9
52%
Army 297.9
48%
Indiana 256.3
48%
South Carolina 316.6
48%
Oklahoma 318.2
45%
Missouri 317.5
39%
BYU 308.8
35%
Minnesota 285.7
35%
Tulane 323.5
35%
Houston 324.0
26%
Northern Illinois 284.6
26%
James Madison 321.8
23%
Louisiana Tech 308.4
16%
Sam Houston 321.5
16%
No matching quizzes found
Score Distribution
Percent of People with Each Score
Percentile by Number Answered
Your Score History
You have not taken this quiz